LEADER 01608nam2-2200493---450- 001 990001325920203316 005 20121120101926.0 035 $a000132592 035 $aUSA01000132592 035 $a(ALEPH)000132592USA01 035 $a000132592 100 $a20031230d1951----km-y0itay0103----ba 101 0 $afre 102 $aFR 105 $aa|||||||001yy 200 1 $a<<1.>> : Porphyrii Vita Plotini$aEnneades 1.-3.$fPlotino 210 $aParis$cDesclee de Brouwer$aBruxelles$cL'édition universelle$d1951 215 $aLVII, 417 p., [1] c. di tav.$cill.$d25 cm 225 2 $aMuseum lessianum$iSeries philosophica$v33 410 0$12001$aMuseum lessianum$iSeries philosophica$v33 454 1$12001 461 1$1001000577611$12001$aPlotini opera 700 1$aPLOTINUS$0198801 702 1$aPORPHYRIUS 702 1$aSCHWEIZER,$bHans Rudolf 702 1$aHENRY,$bPaul 801 0$aIT$bsalbc$gISBD 912 $a990001325920203316 951 $aV.3.E. 32/1(VIII A 676/33)$b67489 L.M.$cVIII A 951 $aXV.8. 116 1$b222035 L.M.$cXV.8. 959 $aBK 969 $aUMA 969 $aFSO 979 $aSIAV6$b10$c20031230$lUSA01$h1536 979 $aSIAV6$b10$c20031230$lUSA01$h1553 979 $aSIAV6$b10$c20031230$lUSA01$h1555 979 $aPATRY$b90$c20040406$lUSA01$h1734 979 $aCOPAT6$b90$c20051018$lUSA01$h0943 979 $aIANNONE$b90$c20121120$lUSA01$h0954 979 $aIANNONE$b90$c20121120$lUSA01$h0955 979 $aIANNONE$b90$c20121120$lUSA01$h1019 996 $aEnneades 1.-3$9926290 996 $aPorphyrii Vita Plotini$9926289 997 $aUNISA LEADER 01930oam 2200529zu 450 001 9910872970503321 005 20241212215135.0 035 $a(CKB)111055184250254 035 $a(SSID)ssj0000454372 035 $a(PQKBManifestationID)12194096 035 $a(PQKBTitleCode)TC0000454372 035 $a(PQKBWorkID)10397797 035 $a(PQKB)11725782 035 $a(EXLCZ)99111055184250254 100 $a20160829d2001 uy 101 0 $aeng 181 $ctxt 182 $cc 183 $acr 200 10$a2001 IEEE/IFIP International Symposium on Integrated Network Management proceedings : integrated network management VII : integrated management strategies for the new millennium : Seattle, Washington, USA, 14-18 May 2001 210 31$a[Place of publication not identified]$cIEEE$d2001 300 $aBibliographic Level Mode of Issuance: Monograph 311 08$a9780780367197 311 08$a0780367197 606 $aComputer networks$xManagement$vCongresses 606 $aTelecommunication systems$xManagement$vCongresses 606 $aElectrical & Computer Engineering$2HILCC 606 $aTelecommunications$2HILCC 606 $aEngineering & Applied Sciences$2HILCC 615 0$aComputer networks$xManagement 615 0$aTelecommunication systems$xManagement 615 7$aElectrical & Computer Engineering 615 7$aTelecommunications 615 7$aEngineering & Applied Sciences 676 $a004.6 702 $aAnerousis$b Nikolaos 702 $aLiotta$b Antonio 702 $aPavlou$b George 712 02$aInternational Federation for Information Processing 712 02$aIEEE Communications Society 712 02$aInstitute of Electrical and Electronics Engineers 712 12$aIFIP/IEEE International Symposium on Integrated Network Management 801 0$bPQKB 906 $aPROCEEDING 912 $a9910872970503321 996 $a2001 IEEE$92509244 997 $aUNINA